Contravenciones al nuevo marco jurídico electoral

Na minha lista:
Detalhes bibliográficos
Formato: Texto
Assuntos:
Tags: Adicionar Tag
Sem tags, seja o primeiro a adicionar uma tag!

MARC

LEADER 00000 a a2200000 04500
001 5808
003
040
245 |a Contravenciones al nuevo marco jurídico electoral  
650 |a SISTEMAS ELECTORALES  
650 |a LEGISLACION  
650 |a PARTIDOS POLITICOS  
650 |a CODIGOS  
650 |a CULTURA POLITICA  
773 |g volumen 14, número 590; páginas 4-6  
999 |c 38105  |d 38105